|
|
|
|
| LEADER |
01410nam a2200313 a 4500 |
| 001 |
13066467 |
| 008 |
120502s2004 mauab b 001 0 eng |
| 010 |
|
|
|a 2003001453
|
| 020 |
|
|
|a 0631187995 (alk. paper)
|
| 020 |
|
|
|a 0631236163 (pbk. : alk. paper)
|
| 040 |
|
|
|a DLC
|c DLC
|d DLC
|d BD-DhAAL
|
| 042 |
|
|
|a pcc
|
| 050 |
0 |
0 |
|a D295
|b .B28 2004
|
| 082 |
0 |
0 |
|a 909.8
|2 21
|
| 100 |
1 |
|
|a Bayly, C. A.
|q (Christopher Alan)
|
| 245 |
1 |
4 |
|a The birth of the modern world, 1780-1914 :
|b global connections and comparisons /
|c C.A. Bayly.
|
| 260 |
|
|
|a Malden, MA :
|b Blackwell Pub.,
|c 2004.
|
| 300 |
|
|
|a xxiv, 540 p. :
|b ill., maps ;
|c 26 cm.
|
| 490 |
0 |
|
|a The Blackwell history of the world
|
| 504 |
|
|
|a Includes bibliographical references (p. 514-532) and index.
|
| 541 |
|
|
|e 00025065
|
| 650 |
|
0 |
|a Revolutions
|x History
|y 18th century.
|
| 650 |
|
0 |
|a History, Modern
|y 19th century.
|
| 650 |
|
0 |
|a History, Modern
|y 20th century.
|
| 650 |
|
0 |
|a Globalization.
|
| 852 |
1 |
|
|a Ayesha Abed Library
|c General shelf.
|
| 999 |
|
|
|c 12136
|d 12136
|
| 952 |
|
|
|0 0
|1 0
|2 ddc
|4 0
|6 909_800000000000000_BAY
|7 0
|9 20141
|a BRACUL
|b BRACUL
|c GEN
|d 2012-04-28
|e karim International
|g 3990.00
|l 10
|m 43
|o 909.8 BAY
|p 3010025065
|r 2025-05-07
|s 2025-04-21
|t 1
|w 2012-05-03
|y BK
|
| 952 |
|
|
|0 0
|1 0
|2 ddc
|4 0
|6 909_800000000000000_BAY
|7 0
|9 20142
|a BRACUL
|b BRACUL
|c GEN
|d 2012-04-28
|e karim International
|g 3990.00
|l 7
|m 57
|o 909.8 BAY
|p 3010025066
|r 2025-10-09
|s 2025-02-20
|t 2
|w 2012-05-03
|y BK
|